Îles-de-la-Madeleine Destinations (Îles-de-la-Madeleine, Canada) - Statistics

General Stats
  • This quiz has been taken 20 times
  • The average score is 4 of 6
Answer Stats
Airline Destination % Correct
Pascan Aviation Montréal (Saint-Hubert)
100%
Air Canada Express/PAL Airlines Montréal (Trudeau)
100%
PAL Airlines/Pascan Aviation Québec City
88%
Air Saint-Pierre Saint-Pierre
69%
PAL Airlines/Pascan Aviation Gaspé
56%
Pascan Aviation Bonaventure
6%
No matching quizzes found
Score Distribution
Percent of People with Each Score
Percentile by Number Answered
Your Score History
You have not taken this quiz